The leader's window : mastering the four styles of leadership to build high-performing teams
| Main Author: | |
|---|---|
| Other Authors: | |
| Format: | Book |
| Published: |
New Delhi :
Jaico Publishing House ,
2003
|
| Subjects: |
MARC
| LEADER | 00000cam a2200000 7i4500 | ||
|---|---|---|---|
| 001 | 0000018663 | ||
| 005 | 20080612.0 | ||
| 008 | 080609 | ||
| 020 | |a 8179921093 | ||
| 090 | 0 | 0 | |a 658.4092 |b BEC |
| 100 | 1 | |a Beck, John D. W. | |
| 245 | 1 | 4 | |a The leader's window : |b mastering the four styles of leadership to build high-performing teams |c John D. W. Beck, Neil M. Yeager |
| 260 | |a New Delhi : |b Jaico Publishing House , |c 2003 | ||
| 650 | 0 | |a Leadership | |
| 650 | 0 | |a Management leadership | |
| 700 | 1 | |a Yeager, Neil M. | |
| 999 | |a 0001023013 |b Book |c REFERENCE |e Perbadanan Perpustakaan Awam Johor | ||